Future developments in tele-communications

I tiakina i:
Ngā taipitopito rārangi puna kōrero
Kaituhi matua: Martin, James Thomas (autor)
Hōputu: Pukapuka
Reo:Ingarihi
I whakaputaina: Englewood Cliffs Prentice-Hall 1977
Putanga:2a. ed
Rangatū:Prentice-Hall Series in Automatic Computation
Ngā marau:
Ngā Tūtohu: Tāpirihia he Tūtohu
Kāore He Tūtohu, Me noho koe te mea tuatahi ki te tūtohu i tēnei pūkete!

MARC

LEADER 00000nam a2200000 a 4500
001 UCU6060
003 CL-VaPUC
008 960614e19770000us |||||||||||||||||eng|d
082 0 4 |a 621.384  |b MAR  |2 21 
100 |a Martin, James Thomas  |e autor  |9 454119 
245 1 0 |a Future developments in tele-communications 
250 |a 2a. ed 
300 |a 668 p 
942 |c BK 
945 |d 19960614 00:00:00  |a lriquelm 
260 |a Englewood Cliffs  |b Prentice-Hall  |c 1977 
650 0 |a Telecomunicaciones   |9 257195 
650 7 |a SATELITES DE COMUNICACIONES  |2 CL-VaPUC  |9 340431 
650 0 |a Redes de información  |9 230208 
650 7 |a EQUIPO TELEFONICO  |2 CL-VaPUC  |9 363368 
650 7 |a EQUIPO DE TELECOMUNICACION  |2 CL-VaPUC  |9 363233 
583 |a last modification  |c 20150428 10:14:55  |k Rodrigo Vera 
490 0 |a Prentice-Hall Series in Automatic Computation 
999 |c 249128  |d 249126 
952 |0 0  |1 0  |4 0  |6 621_384000000000000_MAR_1977  |7 0  |8 A  |9 266179  |a BIBING  |b BIBING  |d 2019-11-19  |i 1680978  |o 621.384 MAR 1977  |p 1680978  |r 2025-01-20  |w 2019-11-19  |y BK  |k ING 
952 |0 0  |1 0  |4 0  |6 621_384000000000000_MAR_1977  |7 0  |8 A  |9 266180  |a BIBING  |b BIBING  |d 2019-11-19  |i 1680927  |o 621.384 MAR 1977  |p 1680927  |r 2025-01-20  |w 2019-11-19  |y BK  |k CCI